00369nam a2200145Ia 4500003000400000008004100004040001600045082001600061100001800077245005000095260004000145300001000185650001400195650001400209GCL140319s9999 xx 000 0 eng d aGCL / cGCL04a684.08bS C1 aSEIF, CHARLES10aGREATING YOUR OWN WOOD SHOP / cSEIF, CHARLES a[S.N] : bBETTERWAY BOOKS ، c1994 a122 P04aWORKSHOPS04aWOOD WORK